000
00273nam a2200121Ia 4500
100
_a
Laznov/S & Jaits
650
_a
Electrical Engineering
942
_c
BK
245
_a
Power station Electrician
260
_b
Mir Publishers
_c
1970
082
_a
621.3
546
_a
ENGLISH
999
_c
26036
_d
26036